| 000 | 00405nam a2200181Ia 4500 | ||
|---|---|---|---|
| 001 | 811 | ||
| 005 | 20260306140545.0 | ||
| 008 | 260306t2014||||xx |||||||||||||| ||spa|| | ||
| 041 | _aESP | ||
| 082 |
_a170 _bF85A |
||
| 100 |
_aFromm, Erich _eAUT |
||
| 245 | 0 | _aSobre la desobediencia | |
| 260 | _c2014 | ||
| 300 |
_a206 páginas : _c21 cm. |
||
| 650 | _aGEN | ||
| 654 | _aCHU | ||
| 942 |
_cLIB _dJUS _fJUS _2ddc _n |
||
| 999 |
_c811 _d811 |
||